| 000 | 00813nab a2200241 u 4500 | ||
|---|---|---|---|
| 001 | 15221 | ||
| 003 | HDC | ||
| 007 | cr bn ---aaaaa | ||
| 008 | 210217b2018mmddmy d||no |||| 00| 0 eng d | ||
| 040 | _aHDC | ||
| 245 | 0 |
_aDagang Net launches AIIVA, a Web-based Halal Logistics Management System _c/ Bernama |
|
| 260 |
_aMalaysia: _bBERNAMA, _c2018 |
||
| 300 | _a1 online resource | ||
| 336 |
_atext _2rdacontent |
||
| 337 |
_acomputer _2rdamedia |
||
| 338 |
_aonline resource _2rdacarrier |
||
| 650 |
_aTransportation _xReligious aspect _xIslam _914357 |
||
| 710 | _aBernama | ||
| 856 | _zRequest full-text at [email protected] | ||
| 942 | _2lcc | ||
| 942 | _cNEWS | ||
| 942 | _kNWSO 003777 | ||
| 999 |
_c12537 _d12537 |
||